Permenides - praotec európskeho duálneho myslenia

Podrobná bibliografia
Hlavný autor: Szmrecsányi, Tomáš (Autor)
Médium: Článok
Jazyk:slovenčina
ISSN:0046-385X
Predmet:

MARC

LEADER 00000nab a2200000 a 4500
001 vtls000794545
005 20260506110959.0
008 250429c2002 xo 0 slo
015 |a SNBRB2002/05-16333 
035 |a CLN000146200 
035 |a urn:nbn:sk:snk-abnuw 
035 |a (urnnbn)urn:nbn:sk:snk:ar-a0409m 
035 |a (uuid)951e68a4-c9d4-498f-9d47-ffa1f80466df 
040 |a SNKBUCL  |b slo  |c SNKBUCL  |e AACR2 
041 0 |a slo 
044 |a xo  |c SK 
080 |a 111  |2 1997 
100 1 |a Szmrecsányi, Tomáš  |4 aut  |9 614590 
245 1 0 |a Permenides - praotec európskeho duálneho myslenia  |c Tomáš Szmrecsányi 
504 |a Bibliogr. odkazy 
504 |a Res. angl. 
650 0 7 |a duálne myslenie  |2 snkbucl  |9 1638316 
650 0 7 |a orfizmus (filozofia)  |2 snkbucl  |9 1638317 
650 0 7 |a protofilozofia  |2 snkbucl  |9 1417686 
655 7 |a články z novín a časopisov  |2 snkbucl  |9 267496 
773 0 |t Filozofia  |g Roč. 57, č. 4 (2002), s. 233-244  |x 0046-385X 
852 |a Slovenská národná knižnica 
954 |a odborná, vedecká literatúra pôvodná (slovenská)  |2 lita 
958 |a article27 
958 |a OND 
958 |a SK 
958 |a NB 
958 |a EUIPO 
999 |c 2870943  |d 2872873